000 00541nam a2200169Ia 4500
003 GCL
008 140319s9999 xx 000 0 ara d
040 _aGCL /
_cGCL
082 0 4 _a327.11
_bم م
100 1 _aمحمد السماك
245 1 0 _aموقف الاسلام فى صراع الحضارات و النظام العالمى الجديد /
_cمحمد السماك
300 _a330
650 0 4 _aالاسلام والحضارة
650 0 4 _aالعالم الاسلامى
650 0 4 _aصراع الحضارات
942 _2ddc
_cBK
999 _c44208
_d44208